Library of the University of Algiers 3
Ibrahim Sultan Cheibout
شعار جامعة الجزائر 3
مكتبة جامعة الجزائر 3
إبراهيم سلطان شيبوط

في اسس المحاسبة المالية / (رقم التسجيلة. 42714)

تفاصيل مارك
000 -LEADER
fixed length control field 01312nam a2200205Ia 4500
003 - CONTROL NUMBER IDENTIFIER
control field Ost
005 - DATE AND TIME OF LATEST TRANSACTION
control field 20260507075054.0
008 - FIXED-LENGTH DATA ELEMENTS--GENERAL INFORMATION
fixed length control field 260507s9999||||xx |||||||||||||| ||und||
040 ## - CATALOGING SOURCE
Transcribing agency fsecg
041 ## - LANGUAGE CODE
Language code of text/sound track or separate title ara
100 ## - MAIN ENTRY--PERSONAL NAME
Personal name ابو زيد، كمال خليفة
Relator term مؤلف
245 #0 - TITLE STATEMENT
Title في اسس المحاسبة المالية /
Statement of responsibility, etc. كمال خليفة ابو زيد
260 ## - PUBLICATION, DISTRIBUTION, ETC.
Place of publication, distribution, etc. الاسكندرية:
Name of publisher, distributor, etc. الدار الجامعية,
Date of publication, distribution, etc. 1999
300 ## - PHYSICAL DESCRIPTION
Extent 398 صفحة؛
Dimensions 23 سم
520 ## - SUMMARY, ETC.
Summary, etc. مقدمة عن المحاسبة وفروعها ، البناء النظري للمحاسبة المالية ، المعادلةات المحاسبية الرئيسية ، أهداف القوائم المالية وعناصرها ، الدورة المحاسبية وأركانها ’ استكمال الدورة المحاسبية ، تسوية واعداد القوائم المالية ، استكمال الدورة المحاسبية ، اقفال الحاسبات وورقة العمل ، المحاسبة في المشروع التجاري ، التحصيل والسداد باستخدام الاوراق التجارية
653 ## - INDEX TERM--UNCONTROLLED
Uncontrolled term الأوراق التجارية
653 ## - INDEX TERM--UNCONTROLLED
Uncontrolled term المحاسبة التحليلية
700 ## - ADDED ENTRY--PERSONAL NAME
Personal name بدوي، محمد عباس
Relator term مؤلف ثانوي
942 ## - ADDED ENTRY ELEMENTS (KOHA)
Koha item type كتب
المقتنيات
Withdrawn status Lost status Source of classification or shelving scheme Damaged status Not for loan Home library Current library Date acquired Serial enumeration / chronology Inventory number Total checkouts Full call number Barcode Date last seen Price effective from Koha item type
    Dewey Decimal Classification   NOT LOAN / إعارة داخلية مكتبة كلية العلوم الإقتصادية والعلوم التجارية وعلوم التسيير مكتبة كلية العلوم الإقتصادية والعلوم التجارية وعلوم التسيير 07/05/2026 الطابق الأرضي 742/1   أ/742ن1 742/1 07/05/2026 07/05/2026 كتب

موارد الويب المفتوحة


© University of Algiers 3 All Rights Reserved
|
Implemented by LECHELAH Riad